| 000 | 01138nab a22002297a 4500 | ||
|---|---|---|---|
| 999 |
_c6071 _d6071 |
||
| 003 | OSt | ||
| 005 | 20260121011245.0 | ||
| 008 | 190514b xxu||||| |||| 00| 0 spa d | ||
| 040 | _cPJ | ||
| 100 |
_96668 _aMartino, Carolina B. |
||
| 245 | 1 | 3 |
_aEl reconocimiento efectivo del acceso al derecho a la identidad de género en adolescentes trans / _cCarolina B. Martino. |
| 300 | _ap. 178-185 | ||
| 500 | _aCita: TR LALEY AR/DOC/979/2024. | ||
| 505 | _aSumario: I. Introducción.— II. Hechos y resolución del caso.— III. Encuadre normativo.— IV. Precedentes sobre la materia.— V. Contexto global.— VI. Breve reflexión final. | ||
| 505 | _tFallo comentado: JFamilia, Niñez y Adolescencia Nro. 3 Neuquén ~ 30/10/2023 ~ P. A. A. V. E. s/ medida autosatisfactiva. | ||
| 650 | 0 |
_9967 _aDERECHO DE FAMILIA |
|
| 650 | 0 |
_94305 _aDERECHO A LA IDENTIDAD DE GÉNERO |
|
| 650 | 0 |
_95662 _aADOLESCENTES |
|
| 650 | 0 |
_91057 _aJURISPRUDENCIA APLICABLE |
|
| 773 | 0 |
_02844 _93222 _dBuenos Aires : AbeledoPerrot, 1989- _tDerecho de familia. Revista Interdisciplinaria de doctrina y jurisprudencia. Junio 2024-III. _z18511201 |
|
| 942 |
_2udc _cANA |
||